Políticas nacionales de la ciencia y de la tecnología : México /

Guardado en:
Detalles Bibliográficos
Formato: Libro
Idioma:Español
Publicado: México : OCDE, 1994, c1994
Temas:
Etiquetas: Agrega una etiqueta
Sin etiquetas, Sé el primero en etiquetar este registro!

MARC

LEADER 00000nam^a2200000^a^4500
001 000063131
005 20250521000000.0
009 20260310091014.563
020 |a 968-7462-01-9 
037 |a Acervo ITESO - Biblioteca 
041 |a ESP 
082 |a 607. 72  |b POL 
245 1 0 |a Políticas nacionales de la ciencia y de la tecnología :  |b México / 
264 4 |a México :  |b OCDE,  |c 1994, c1994 
300 |a 255 p. 
336 |a texto  |b txt  |2 rdacontenido 
337 |a sin mediación  |b n  |2 rdamedio 
338 |a volumen  |b nc  |2 rdasoporte 
649 |a XX 
650 |a Investigadores Mexicanos 
650 |a Desarrollo Tecnológico -  |z México 
650 |a Centros de Investigación -  |z México 
650 |a Educación y Desarrollo -  |z México 
650 |a Educación Superior -  |z México 
910 |a Fondo General 
920 |a Impresos - Libros 
930 |a Colección General 
905 |a 101 
901 |a 0500016735  |b IT1  |c ACC  |u 20250521 
901 |a 0500016919  |b IT1  |c ACC  |u 20250521 
902 |a https://opac.biblio.iteso.mx/vufind/Record/000063131